[Event "FICGS class D 000159 email"]
[Site "FICGS email"]
[Date "2010.10.26"]
[Round "1"]
[White "Oziminski, Wojciech"]
[Black "Yin, Wenlin"]
[Result "1-0"]
[WhiteElo "1467"]
[BlackElo "1506"]
[PlyCount "39"]
[EventDate "2010.??.??"]
[EventType "tourn (corr)"]
[EventRounds "6"]
[SourceTitle "Corr 2013"]
[Source "ChessBase"]
[SourceDate "2012.11.12"]
[SourceVersion "1"]
[SourceVersionDate "2012.11.12"]
[SourceQuality "1"]

1. e4 c5 2. Nc3 g6 3. f4 Bg7 4. Nf3 Nc6 5. Bb5 Nd4 6. 0-0 e6 7. d3 Ne7 8. Nxd4 cxd4 9. Ne2 0-0 10. Ba4 d5 11. e5 f6 12. exf6 Bxf6 13. Bb3 b6 14. Bd2 Bb7 15. Ng3 Qd7 16. Qe2 Nf5 17. Rf3 Nxg3 18. Rxg3 Rae8 19. Rf1 Qg7 20. Ba4 1-0

[Event "FICGS class D 000150 email"]
[Site "FICGS email"]
[Date "2010.05.25"]
[Round "1"]
[White "Roncagliolo, Marco"]
[Black "Oziminski, Wojciech"]
[Result "1-0"]
[WhiteElo "1492"]
[BlackElo "1490"]
[PlyCount "57"]
[EventDate "2010.??.??"]
[EventType "tourn (corr)"]
[EventRounds "6"]
[SourceTitle "Corr 2013"]
[Source "ChessBase"]
[SourceDate "2012.11.12"]
[SourceVersion "1"]
[SourceVersionDate "2012.11.12"]
[SourceQuality "1"]

1. e4 c5 2. Nf3 g6 3. d4 cxd4 4. Nxd4 Nc6 5. Nc3 Bg7 6. Be3 Nf6 7. Bc4 0-0 8. Qd2 Ng4 9. Nxc6 dxc6 10. 0-0-0 Qxd2+ 11. Kxd2 Nxe3 12. Kxe3 b5 13. Bb3 a5 14. a3 b4 15. axb4 axb4 16. Na4 Ba6 17. Rd7 Bb5 18. Nc5 e6 19. Rhd1 Bxb2 20. f4 Ra1 21. Rxa1 Bxa1 22. g4 Bb2 23. e5 Bf1 24. Rd6 Bg2 25. Kf2 Bd5 26. Nd7 Ra8 27. Nf6+ Kg7 28. Nxd5 cxd5 29. Rb6 1-0

[Event "FICGS class D 000075 email"]
[Site "FICGS email"]
[Date "2008.01.06"]
[Round "1"]
[White "Konig, Paul"]
[Black "Oziminski, Wojciech"]
[Result "0-1"]
[WhiteElo "1632"]
[BlackElo "1405"]
[PlyCount "26"]
[EventDate "2008.??.??"]
[EventType "tourn (corr)"]
[EventRounds "6"]
[SourceTitle "Corr 2022"]
[Source "ChessBase"]
[SourceDate "2021.10.24"]
[SourceVersion "1"]
[SourceVersionDate "2021.10.24"]
[SourceQuality "1"]

1. d4 Nf6 2. c4 e6 3. Nc3 Bb4 4. Qc2 Nc6 5. Nf3 d6 6. Bd2 0-0 7. a3 Bxc3 8. Bxc3 Qe7 9. g3 e5 10. d5 Nb8 11. Bg2 Ne8 12. 0-0 f5 13. Nh4 g5 0-1

[Event "FICGS class E 000054 email"]
[Site "FICGS email"]
[Date "2007.07.05"]
[Round "1"]
[White "Oziminski, Wojciech"]
[Black "Gomez, John"]
[Result "1-0"]
[WhiteElo "1247"]
[BlackElo "1600"]
[PlyCount "21"]
[EventDate "2007.??.??"]
[EventType "tourn (corr)"]
[EventRounds "5"]
[SourceTitle "Corr 2022"]
[Source "ChessBase"]
[SourceDate "2021.10.24"]
[SourceVersion "1"]
[SourceVersionDate "2021.10.24"]
[SourceQuality "1"]

1. e4 Nc6 2. Nf3 e5 3. d4 exd4 4. Bc4 Bc5 5. c3 Nf6 6. cxd4 Bb4+ 7. Bd2 Bxd2+ 8. Nbxd2 d5 9. exd5 Nxd5 10. Qb3 Na5 11. Qb5+ 1-0

[Event "FICGS class F 000042 email"]
[Site "FICGS email"]
[Date "2007.06.30"]
[Round "1"]
[White "Oziminski, Wojciech"]
[Black "Perrotta, John Zach"]
[Result "1-0"]
[WhiteElo "1247"]
[BlackElo "1254"]
[PlyCount "49"]
[EventDate "2007.??.??"]
[EventType "tourn (corr)"]
[EventRounds "5"]
[SourceTitle "Corr 2022"]
[Source "ChessBase"]
[SourceDate "2021.10.24"]
[SourceVersion "1"]
[SourceVersionDate "2021.10.24"]
[SourceQuality "1"]

1. e4 c5 2. Nc3 Nc6 3. g3 g6 4. Bg2 Bg7 5. d3 d6 6. Be3 e5 7. Qd2 Nge7 8. Bh6 0-0 9. Bxg7 Kxg7 10. f4 f5 11. Nf3 Qb6 12. Rb1 fxe4 13. dxe4 Nd4 14. 0-0 Nec6 15. Nd5 Qd8 16. c3 Nxf3+ 17. Rxf3 Bg4 18. Rf2 Ne7 19. Rbf1 Nxd5 20. Qxd5 exf4 21. Rxf4 Kh6 22. Rxg4 Rxf1+ 23. Bxf1 Qf6 24. Rh4+ Kg7 25. Qxb7+ 1-0

[Event "FICGS class F 000042 email"]
[Site "FICGS email"]
[Date "2007.06.30"]
[Round "1"]
[White "Oziminski, Wojciech"]
[Black "Woodcock, Graham"]
[Result "1-0"]
[WhiteElo "1247"]
[BlackElo "1393"]
[PlyCount "45"]
[EventDate "2007.??.??"]
[EventType "tourn (corr)"]
[EventRounds "5"]
[SourceTitle "Corr 2022"]
[Source "ChessBase"]
[SourceDate "2021.10.24"]
[SourceVersion "1"]
[SourceVersionDate "2021.10.24"]
[SourceQuality "1"]

1. e4 c5 2. Nc3 a6 3. g3 g6 4. Bg2 Bg7 5. d3 Bxc3+ 6. bxc3 Qa5 7. Ne2 Nf6 8. 0-0 d6 9. d4 b5 10. e5 Ra7 11. exf6 exf6 12. Bh6 Rg8 13. Re1 Kd8 14. dxc5 Rd7 15. Bh3 f5 16. cxd6 g5 17. Bxf5 b4 18. Bxd7 Nxd7 19. Nd4 Bb7 20. Qe2 Qd5 21. Qe7+ Kc8 22. Qe8+ Rxe8 23. Rxe8# 1-0

[Event "FICGS class D 000009 email"]
[Site "FICGS email"]
[Date "2006.09.05"]
[Round "1"]
[White "Oziminski, Wojciech"]
[Black "Ruano, Pablo"]
[Result "0-1"]
[WhiteElo "1400"]
[BlackElo "1400"]
[PlyCount "28"]
[EventDate "2006.??.??"]
[EventType "tourn (corr)"]
[EventRounds "6"]
[SourceTitle "Corr 2022"]
[Source "ChessBase"]
[SourceDate "2021.10.24"]
[SourceVersion "1"]
[SourceVersionDate "2021.10.24"]
[SourceQuality "1"]

1. e4 c5 2. Nc3 Nc6 3. g3 d6 4. Bg2 g6 5. d3 Bg7 6. Be3 Nf6 7. h3 0-0 8. Qd2 Qb6 9. Rb1 Nd4 10. Nd1 Be6 11. c3 Bxa2 12. cxd4 Bxb1 13. dxc5 Qa6 14. Nc3 Bxd3 0-1

[Event "FICGS class D 000009 email"]
[Site "FICGS email"]
[Date "2006.09.05"]
[Round "1"]
[White "Vasquez, Fernando Jose Pinto"]
[Black "Oziminski, Wojciech"]
[Result "1-0"]
[WhiteElo "1581"]
[BlackElo "1400"]
[PlyCount "23"]
[EventDate "2006.??.??"]
[EventType "tourn (corr)"]
[EventRounds "6"]
[SourceTitle "Corr 2022"]
[Source "ChessBase"]
[SourceDate "2021.10.24"]
[SourceVersion "1"]
[SourceVersionDate "2021.10.24"]
[SourceQuality "1"]

1. e4 e5 2. Nf3 Nc6 3. d4 exd4 4. Nxd4 Bc5 5. Be3 Qf6 6. c3 Nge7 7. Qa4 0-0 8. Nxc6 Bxe3 9. Nxe7+ Qxe7 10. fxe3 d5 11. Nd2 Bd7 12. Qb4 1-0

[Event "IECC CL5-2006.06 email"]
[Site "IECC email"]
[Date "2006.04.17"]
[Round "?"]
[White "Camps, Jean Pierre"]
[Black "Oziminski, Wojciech"]
[Result "1-0"]
[WhiteElo "1529"]
[BlackElo "1482"]
[PlyCount "71"]
[EventDate "2006.??.??"]
[EventType "tourn (corr)"]
[EventRounds "4"]
[SourceTitle "Corr 2015"]
[Source "ChessBase"]
[SourceDate "2015.07.17"]
[SourceVersion "1"]
[SourceVersionDate "2015.07.17"]
[SourceQuality "1"]
[WhiteTeam "France"]
[BlackTeam "Poland"]
[WhiteTeamCountry "FRA"]
[BlackTeamCountry "POL"]

1. e4 d6 2. d4 Nf6 3. f3 e5 4. d5 Be7 5. Be3 0-0 6. c4 c6 7. Nc3 a6 8. Bd3 b5 9. Nge2 bxc4 10. Bxc4 c5 11. 0-0 Ne8 12. a4 f5 13. exf5 Bxf5 14. Bd3 Bxd3 15. Qxd3 a5 16. f4 Nd7 17. f5 Bg5 18. Ng3 Bxe3+ 19. Qxe3 Ndf6 20. Qe2 Nc7 21. Rad1 Rb8 22. Nge4 Qd7 23. Nxf6+ Rxf6 24. Ne4 Rf7 25. f6 Rbf8 26. fxg7 Kxg7 27. Rxf7+ Rxf7 28. Qh5 Kg8 29. Rd3 Ne8 30. Rg3+ Rg7 31. Rb3 Qf7 32. Qxf7+ Kxf7 33. h3 Kg6 34. Rb8 Kf5 35. Nxc5 dxc5 36. Rxe8 1-0

[Event "IECC CL5-2006.06 email"]
[Site "IECC email"]
[Date "2006.04.17"]
[Round "?"]
[White "Oziminski, Wojciech"]
[Black "Heyboer, Peter J"]
[Result "1/2-1/2"]
[WhiteElo "1457"]
[BlackElo "1452"]
[PlyCount "31"]
[EventDate "2006.??.??"]
[EventType "tourn (corr)"]
[EventRounds "4"]
[SourceTitle "Corr 2008"]
[Source "ChessBase"]
[SourceDate "2008.06.24"]
[SourceVersion "1"]
[SourceVersionDate "2008.06.24"]
[SourceQuality "1"]

1. e4 c5 2. Nc3 Nc6 3. g3 g6 4. Bg2 Bg7 5. d3 d6 6. Be3 Rb8 7. Qd2 b5 8. Nge2 b4 9. Nd1 Qc7 10. 0-0 e6 11. h3 Nd4 12. Nc1 Ne7 13. Bh6 0-0 14. c3 bxc3 15. Nxc3 Bxh6 16. Qxh6 1/2-1/2

[Event "IECC CL5-2005.14 email"]
[Site "IECC email"]
[Date "2005.10.09"]
[Round "?"]
[White "Alessandrini, Alfredo"]
[Black "Oziminski, Wojciech"]
[Result "0-1"]
[WhiteElo "1373"]
[BlackElo "1500"]
[PlyCount "34"]
[EventDate "2005.??.??"]
[EventType "tourn (corr)"]
[EventRounds "4"]
[SourceTitle "Corr 2008"]
[Source "ChessBase"]
[SourceDate "2008.06.24"]
[SourceVersion "1"]
[SourceVersionDate "2008.06.24"]
[SourceQuality "1"]

1. e4 c5 2. Nc3 Nc6 3. g3 g6 4. Bg2 Bg7 5. d3 Rb8 6. Be3 d6 7. Qd2 b5 8. Nge2 b4 9. Nd1 Qb6 10. 0-0 a5 11. a3 e5 12. axb4 Qxb4 13. c3 Qb5 14. d4 cxd4 15. cxd4 exd4 16. Bxd4 Nxd4 17. Qxd4 Bxd4 0-1